|
|
|
|
| LEADER |
01353nam a22002777a 4500 |
| 001 |
35449 |
| 003 |
BD-DhAAL |
| 005 |
20250622153418.0 |
| 008 |
211026t1992 bg ||||| |b|| 00| 0 ben d |
| 020 |
|
|
|a 9840501186
|
| 040 |
|
|
|a BD-DhAAL
|d BD-DhAAL
|
| 041 |
|
|
|a ben
|
| 082 |
|
|
|a 320.95492
|2 21
|
| 100 |
|
|
|a ইসলাম, রফিকুল.
|
| 245 |
|
|
|a বাংলাদেশ :
|b সামরিক শাসন ও গণতন্ত্রের সংকট /
|c রফিকুল ইসলাম.
|
| 260 |
|
|
|a ঢাকা :
|b ইউনিভার্সিটি প্রেস লিমিটেড,
|c ১৯৯১ [দ্বিতীয় মুদ্রণ].
|
| 300 |
|
|
|a ১৭৮ পৃষ্ঠা ;
|e ২১ সে.মি.
|
| 504 |
|
|
|a গ্রন্থপঞ্জিগত নির্দেশিকা অন্তভূক্ত।
|
| 526 |
|
|
|a BIED
|
| 541 |
|
|
|a Complimentary copy from BIED
|e 35449
|
| 650 |
|
|
|a Democracy
|z Bangladesh.
|9 42223
|
| 651 |
|
|
|a Bangladesh
|x Politics and government
|y 1971.
|9 42224
|
| 852 |
|
|
|a Ayesha Abed Library
|c BIED Collection
|
| 942 |
|
|
|2 ddc
|c BK
|
| 999 |
|
|
|c 43272
|d 43272
|
| 952 |
|
|
|0 0
|1 0
|2 ddc
|4 0
|6 320_954920000000000_ISL
|7 0
|9 69423
|a BRACUL
|b BRACUL
|c GEN
|d 2021-10-26
|e Complimentary copy from BIED
|l 0
|o 320.95492 ISL
|p 3010035449
|r 2021-10-26
|t 1
|w 2021-10-26
|y BK
|x Transferred from BIED to General Stacks
|